Catálogo
 En Linea

Seis poetas cubanos : (Registro nro. 14605)

Detalles MARC
000 -CABECERA
campo de control de longitud fija 01643nam a2200349 a 4500
001 - NÚMERO DE CONTROL
campo de control 000015032
005 - FECHA Y HORA DE LA ÚLTIMA TRANSACCIÓN
campo de control 20240530073933.0
008 - DATOS DE LONGITUD FIJA--INFORMACIÓN GENERAL
campo de control de longitud fija 100129t2005 dr 001 edspa d
020 ## - NÚMERO INTERNACIONAL ESTÁNDAR DEL LIBRO
Número Internacional Estándar del Libro 9993439339
040 ## - FUENTE DE LA CATALOGACIÓN
Centro catalogador/agencia de origen DO-SdBNP
Lengua de catalogación spa
Centro/agencia transcriptor BNPHU
082 ## - NÚMERO DE LA CLASIFICACIÓN DECIMAL DEWEY
Número de clasificación RD864.4209
Número de documento/Ítem J61zS, 2005
049 ## - FONDOS LOCALES (OCLC)
Fondos de biblioteca BNPD
100 1# - ENTRADA PRINCIPAL--NOMBRE DE PERSONA
Nombre de persona Jimenes Grullón, Juan Isidro,
Fechas asociadas al nombre 1903-1983
9 (RLIN) 2482
245 10 - MENCIÓN DE TÍTULO
Título Seis poetas cubanos :
Resto del título (ensayos apologéticos) /
Mención de responsabilidad, etc. Juan Isidro Jiménes Grullón ; prefacio León David.
250 ## - MENCIÓN DE EDICIÓN
Mención de edición 2ª ed.
260 ## - PUBLICACIÓN, DISTRIBUCIÓN, ETC.
Lugar de publicación, distribución, etc. Santo Domingo :
Nombre del editor, distribuidor, etc. Ediciones Librería La Trinitaria,
Fecha de publicación, distribución, etc. 2005.
Fabricante Manatí
300 ## - DESCRIPCIÓN FÍSICA
Extensión 159 p. ;
Dimensiones 23 cm.
500 ## - NOTA GENERAL
Nota general Incluye datos biográficos del autor en la solapa.
505 0# - NOTA DE CONTENIDO CON FORMATO
Título Regino E. Boti. --
-- María Luisa Milanés --
-- Manuel Navarro Luna --
-- Nicolás Guillén --
-- Dulce María Loinaz --
-- Eugenio Florit.
600 14 - PUNTO DE ACCESO ADICIONAL DE MATERIA--NOMBRE DE PERSONA
Nombre de persona BOTI, REGINO E.,
Fechas asociadas al nombre 1878-1958,
Subdivisión general CRÍTICA E INTERPRETACIÓN
9 (RLIN) 34018
600 14 - PUNTO DE ACCESO ADICIONAL DE MATERIA--NOMBRE DE PERSONA
Nombre de persona MILANÉS, MARÍA LUISA,
Fechas asociadas al nombre 1893-1919,
Subdivisión general CRÍTICA E INTERPRETACIÓN
9 (RLIN) 34019
600 14 - PUNTO DE ACCESO ADICIONAL DE MATERIA--NOMBRE DE PERSONA
Nombre de persona NAVARRO LUNA, MANUEL,
Fechas asociadas al nombre 1894-1972,
Subdivisión general CRÍTICA E INTERPRETACIÓN
9 (RLIN) 34020
600 14 - PUNTO DE ACCESO ADICIONAL DE MATERIA--NOMBRE DE PERSONA
Nombre de persona GUILLÉN, NICOLÁS,
Fechas asociadas al nombre 1902-1989,
Subdivisión general CRÍTICA E INTERPRETACIÓN
9 (RLIN) 20834
600 14 - PUNTO DE ACCESO ADICIONAL DE MATERIA--NOMBRE DE PERSONA
Nombre de persona LOINAZ, DULCE MARÍA,
Fechas asociadas al nombre 1902-1997,
Subdivisión general CRÍTICA E INTERPRETACIÓN
9 (RLIN) 34021
600 14 - PUNTO DE ACCESO ADICIONAL DE MATERIA--NOMBRE DE PERSONA
Nombre de persona FLORIT, EUGENIO,
Fechas asociadas al nombre 1903-1999,
Subdivisión general CRÍTICA E INTERPRETACIÓN
9 (RLIN) 34022
650 14 - PUNTO DE ACCESO ADICIONAL DE MATERIA--TÉRMINO DE MATERIA
Término de materia o nombre geográfico como elemento de entrada Poetas cubanos
Subdivisión general Crítica e interpretación
Subdivisión cronológica SIGLO XX
9 (RLIN) 34023
650 #0 - PUNTO DE ACCESO ADICIONAL DE MATERIA--TÉRMINO DE MATERIA
Término de materia o nombre geográfico como elemento de entrada Ensayos dominicanos
9 (RLIN) 65
650 #4 - PUNTO DE ACCESO ADICIONAL DE MATERIA--TÉRMINO DE MATERIA
Término de materia o nombre geográfico como elemento de entrada Literatura cubana
Subdivisión general Historia y crítica
9 (RLIN) 5687
650 #0 - PUNTO DE ACCESO ADICIONAL DE MATERIA--TÉRMINO DE MATERIA
Término de materia o nombre geográfico como elemento de entrada Literatura dominicana.
9 (RLIN) 67
700 1# - PUNTO DE ACCESO ADICIONAL--NOMBRE DE PERSONA
Nombre de persona León David
Fechas asociadas al nombre 1945-
Término indicativo de función/relación pról.
9 (RLIN) 84930
910 ## - DATOS DE OPCIÓN DEL USUARIO (OCLC)
Datos de opción del usuario Validado. Control de calidad EMS
Existencias
Estado de retiro Estado de pérdida Restricciones de uso No para préstamo Código de colección Localización permanente Ubicación/localización actual Ubicación en estantería Fecha de adquisición Número de inventario Total de préstamos Signatura topográfica completa Código de barras Fecha visto por última vez Número de copia Precio válido a partir de Tipo de ítem Koha Nota pública
        Dominicana de Servicio General General Depósito 29.01.2010 LF1   RD864.4209 J61zS, 2005 15032-30 25.06.2020 e. 3 25.06.2020 Libro y Folleto Colección Dominicana de Servicio  
        Dominicana de Servicio General General Depósito 29.01.2010 LF1   RD864.4209 J61zS, 2005 15032-40 25.06.2020 e. 4 25.06.2020 Libro y Folleto Colección Dominicana de Servicio  
        Dominicana de Servicio General General Depósito 29.01.2010 LF1   RD864.4209 J61zS, 2005 15032-50 25.06.2020 e. 5 25.06.2020 Libro y Folleto Colección Dominicana de Servicio  
      Excluido de préstamo Patrimonio Dominicano Patrimonio Dominicano Patrimonio Dominicano Depósito 29.01.2010 LF1   RD864.4209 J61zS, 2005 15032-10 25.06.2020   25.06.2020 Libro y Folleto Colección Patrimonio Dominicano Perteneció a la biblioteca personal de Juan Isidro Jimenes Grullón.
      Excluido de préstamo Patrimonio Dominicano Patrimonio Dominicano Patrimonio Dominicano Depósito 29.01.2010 LF1   RD864.4209 J61zS, 2005 15032-20 25.06.2020 e. 2 25.06.2020 Libro y Folleto Colección Patrimonio Dominicano  

Con tecnología Koha